00796nam a2200229Ia 4500003000900000008004100009020002200050040001600072080002100088245007300109260003000182300001500212490003900227650002400266650002100290650003200311700003300343700002900376942000700405999001700412952013700429IN-BaIIA211028s9999 xx 000 0 eng d a978-94-007-0500-5 cIIA Library a551.510.537bTHE 4aThe Dynamic magnetospherecedited by William Liu and Masaki Fujimoto aDordrechtbSpringerc2011 axiv, 368p. aIAGA special sopron book series; 3 aMagnetosphere93270 aSolar wind95747 aWaves and turbulence935336 aFujimoto, Masaki, ed.935337 aLiu, William, ed.935338 cBK c18409d18409 00104070aBANbBANcGENd2012-10-11eEDS g6774.61l0o551.510.537/ THEp19331r2021-11-05v6774.61w2012-10-11yBKGRs. 6774.61